[Event "Heusenstamm Sparkassen op-B 6th"]
[Site "Heusenstamm"]
[Date "2019.11.24"]
[Round "7"]
[White "Ilievski, Kosto"]
[Black "Brunner, Andreas"]
[Result "1/2-1/2"]
[WhiteElo "1678"]
[BlackElo "1449"]
[PlyCount "61"]
[EventDate "2019.11.21"]
[EventType "swiss"]
[EventRounds "7"]
[EventCountry "GER"]
[SourceTitle "CBM 194 Extra"]
[Source "ChessBase"]
[SourceDate "2020.03.31"]
[SourceVersion "1"]
[SourceVersionDate "2020.03.31"]
[SourceQuality "1"]

1. d4 Nf6 2. c4 e6 3. Nc3 d5 4. Nf3 c6 5. Bg5 Nbd7 6. e3 Be7 7. Be2 0-0 8. 0-0 a6 9. h3 b5 10. cxd5 cxd5 11. Bxf6 Nxf6 12. a3 Bb7 13. Ne5 Rc8 14. Rc1 Ba8 15. Ng4 Nxg4 16. Bxg4 f5 17. Be2 f4 18. Bd3 fxe3 19. fxe3 Rxf1+ 20. Qxf1 Qf8 21. Qxf8+ Rxf8 22. Rf1 Rxf1+ 23. Kxf1 h6 24. g4 Bb7 25. Kf2 Bf6 26. b3 e5 27. dxe5 Bxe5 28. Ne2 Kf7 29. Nd4 Kf6 30. a4 b4 31. h4 1/2-1/2

[Event "Rhein Main op-B 22nd"]
[Site "Bad Homburg"]
[Date "2019.06.20"]
[Round "2"]
[White "Rieger, Mario"]
[Black "Brunner, Andreas"]
[Result "1-0"]
[WhiteElo "1876"]
[BlackElo "1437"]
[PlyCount "79"]
[EventDate "2019.06.19"]
[EventType "swiss"]
[EventRounds "7"]
[EventCountry "GER"]
[SourceTitle "EXT 2020"]
[Source "ChessBase"]
[SourceDate "2019.10.17"]
[SourceVersion "1"]
[SourceVersionDate "2019.10.17"]
[SourceQuality "1"]

1. d4 e6 2. c4 Nf6 3. Nc3 Bb4 4. Qc2 b6 5. Nf3 Bb7 6. Nd2 Nc6 7. Nf3 Qe7 8. a3 Bxc3+ 9. bxc3 Na5 10. e3 Be4 11. Qd1 0-0 12. Bd3 Rfd8 13. 0-0 c5 14. a4 Rac8 15. Ba3 Bxd3 16. Qxd3 Ne8 17. d5 Nd6 18. Nd2 f5 19. Rfe1 e5 20. e4 f4 21. g3 Rf8 22. Rad1 Rf6 23. Bc1 Rg6 24. Kh1 Rf8 25. Qe2 Rh6 26. gxf4 Rxf4 27. f3 Rh3 28. Rg1 Qf7 29. Rg2 g6 30. Rdg1 Rfh4 31. Rf1 Qf4 32. Nb3 Rxh2+ 33. Rxh2 Rxh2+ 34. Qxh2 Qxh2+ 35. Kxh2 Nxb3 36. Bg5 Nxc4 37. f4 Nbd2 38. Rf2 Nxe4 39. Re2 Nxc3 40. Rc2 1-0

[Event "Heusenstamm Sparkassen op-B 5th"]
[Site "Heusenstamm"]
[Date "2018.11.25"]
[Round "6"]
[White "Brunner, Andreas"]
[Black "Sallwey, Rainer"]
[Result "1-0"]
[WhiteElo "1437"]
[BlackElo "1412"]
[PlyCount "52"]
[EventDate "2018.11.22"]
[EventType "swiss"]
[EventRounds "7"]
[EventCountry "GER"]
[SourceTitle "CBM 187 Extra"]
[Source "ChessBase"]
[SourceDate "2018.11.04"]
[SourceVersion "1"]
[SourceVersionDate "2018.11.04"]
[SourceQuality "1"]

1. d4 Nf6 2. c4 d5 3. Nf3 c6 4. Nc3 Nbd7 5. Bf4 Ne4 6. e3 Nxc3 7. bxc3 Nf6 8. Bd3 e6 9. 0-0 Bd6 10. Ne5 Be7 11. Qc2 h6 12. Rab1 Nh5 13. Nxf7 Kxf7 14. Bg6+ Kf8 15. Bxh5 Bf6 16. Qg6 Qd7 17. Bd6+ Kg8 18. c5 b6 19. Rb3 b5 20. Qe8+ Qxe8 21. Bxe8 Bb7 22. Bg6 a6 23. a4 Rc8 24. axb5 cxb5 25. Rb4 Bc6 26. f4 a5 1-0

[Event "Frankfurt-chB"]
[Site "Frankfurt"]
[Date "2018.05.14"]
[Round "3"]
[White "Arnold, Jan"]
[Black "Brunner, Andreas"]
[Result "1-0"]
[WhiteElo "1318"]
[BlackElo "1387"]
[PlyCount "81"]
[EventDate "2018.04.30"]
[EventType "swiss"]
[EventRounds "7"]
[EventCountry "GER"]
[SourceTitle "EXT 2019"]
[Source "ChessBase"]
[SourceDate "2018.10.10"]
[SourceVersion "1"]
[SourceVersionDate "2018.10.10"]
[SourceQuality "1"]

1. c4 Nf6 2. Nc3 b6 3. e4 Bb7 4. e5 Ne4 5. d4 e6 6. Nf3 d5 7. cxd5 Bxd5 8. Nxd5 Qxd5 9. a3 Nc6 10. Be3 Be7 11. Be2 h6 12. 0-0 0-0 13. Rc1 a6 14. Bc4 Qd7 15. d5 Na5 16. dxe6 Qxd1 17. exf7+ Kh8 18. Rfxd1 Nxc4 19. Rxc4 Nc5 20. Bxc5 Bxc5 21. e6 g6 22. Ne5 Kg7 23. b4 Bd6 24. Nd7 Rad8 25. Nxf8 Kxf8 26. Re1 Ke7 27. h4 Ra8 28. Rg4 Kf6 29. g3 a5 30. bxa5 Rxa5 31. a4 Ra8 32. h5 g5 33. f4 Kf5 34. e7 Bxe7 35. Rxe7 Rf8 36. fxg5 Kxg4 37. g6 Rd8 38. g7 Rd1+ 39. Kf2 Rd2+ 40. Re2 Kh3 41. f8Q 1-0

[Event "Heusenstamm Sparkassen op-B 3rd"]
[Site "Heusenstamm"]
[Date "2016.11.27"]
[Round "6"]
[White "Bjoerknes, Uwe"]
[Black "Brunner, Andreas"]
[Result "1/2-1/2"]
[WhiteElo "1748"]
[BlackElo "1413"]
[PlyCount "21"]
[EventDate "2016.11.27"]
[EventType "swiss"]
[EventRounds "7"]
[EventCountry "GER"]
[SourceTitle "EXT 2018"]
[Source "ChessBase"]
[SourceDate "2017.10.13"]
[SourceVersion "1"]
[SourceVersionDate "2017.10.13"]
[SourceQuality "1"]

1. e4 e6 2. d4 d5 3. e5 c5 4. c3 Nc6 5. Nf3 cxd4 6. cxd4 Bb4+ 7. Nc3 Qb6 8. Be2 Nge7 9. a3 Bxc3+ 10. bxc3 0-0 11. 0-0 1/2-1/2

[Event "Frankfurt-chB"]
[Site "Frankfurt"]
[Date "2015.06.15"]
[Round "7"]
[White "Al Butmeh, Firas"]
[Black "Brunner, Andreas"]
[Result "0-1"]
[WhiteElo "822"]
[BlackElo "1317"]
[PlyCount "66"]
[EventDate "2015.04.27"]
[EventType "swiss"]
[EventRounds "7"]
[EventCountry "GER"]
[SourceTitle "EXT 2016"]
[Source "ChessBase"]
[SourceDate "2015.10.08"]
[SourceVersion "1"]
[SourceVersionDate "2015.10.08"]
[SourceQuality "1"]

1. e4 e5 2. Nf3 Nc6 3. Bc4 Nf6 4. d3 Be7 5. 0-0 0-0 6. Re1 d6 7. c3 Na5 8. Bb5 a6 9. Ba4 b5 10. Bc2 c5 11. d4 cxd4 12. cxd4 Nc6 13. Nc3 Bg4 14. d5 Bxf3 15. Qxf3 Nd4 16. Qd3 Rc8 17. Bd2 b4 18. Rac1 Nxc2 19. Rxc2 bxc3 20. Rxc3 Rxc3 21. Bxc3 Qb6 22. Qf3 Nd7 23. b4 Qb5 24. Re3 Qa4 25. Qh3 Bg5 26. Re2 Bd8 27. Qg4 Bb6 28. Kh1 Nf6 29. Qh4 Bd4 30. Be1 Qd1 31. Re3 Bxe3 32. fxe3 Rc8 33. Qh3 Qxe1# 0-1

[Event "Rhein Main op-B 18th"]
[Site "Bad Homburg"]
[Date "2015.06.06"]
[Round "5"]
[White "Al Butmeh, Firas"]
[Black "Brunner, Andreas"]
[Result "0-1"]
[WhiteElo "809"]
[BlackElo "1356"]
[PlyCount "100"]
[EventDate "2015.06.03"]
[EventType "swiss"]
[EventRounds "7"]
[EventCountry "GER"]
[SourceTitle "CBM 167 Extra"]
[Source "ChessBase"]
[SourceDate "2015.09.14"]
[SourceVersion "1"]
[SourceVersionDate "2015.09.14"]
[SourceQuality "1"]

1. e4 e5 2. Nf3 Nc6 3. Bc4 Nf6 4. d3 Be7 5. 0-0 0-0 6. c3 Na5 7. Bb3 Nxb3 8. axb3 d6 9. Re1 c5 10. Be3 Ng4 11. Bc1 f5 12. h3 fxe4 13. dxe4 Nf6 14. c4 Be6 15. Nc3 a6 16. Qd3 h6 17. Nd5 Nxd5 18. exd5 Bd7 19. Bxh6 Bf5 20. Qe3 gxh6 21. Qxh6 Rf7 22. Nh2 Bg5 23. Qh5 Rh7 24. Qf3 Qd7 25. g4 Bg6 26. Qe2 Rxh3 27. Kg2 Rxh2+ 28. Kxh2 Bf4+ 29. Kg2 Rf8 30. Rh1 Qg7 31. Rh3 Kf7 32. Rah1 Rg8 33. Kf1 Re8 34. Rf3 Bb1 35. Rfh3 Rg8 36. f3 Bg6 37. Kg2 Bf5 38. Kf2 Bg6 39. Qe1 Re8 40. Qa5 e4 41. Re1 Qd4+ 42. Kg2 Qxb2+ 43. Kg1 e3 44. Kh1 Qd2 45. Qxd2 exd2 46. Rxe8 d1Q+ 47. Kg2 Kxe8 48. Rh8+ Ke7 49. Rb8 Qxb3 50. Rxb7+ Qxb7 0-1